<?xml version="1.0" encoding="UTF-8"?>
<collection xmlns:xsi="http://www.w3.org/2001/XMLSchema-instance" xsi:schemaLocation="http://www.loc.gov/MARC21/slim http://www.loc.gov/standards/marcxml/schema/MARC21slim.xsd" xmlns="http://www.loc.gov/MARC21/slim">
 <record>
  <leader>00000cab a22000003a 4500</leader>
  <controlfield tag="001">UP-1685675941123976085</controlfield>
  <controlfield tag="003">Buklod</controlfield>
  <controlfield tag="005">20231008011919.0</controlfield>
  <controlfield tag="006">a     r    |||| u|</controlfield>
  <controlfield tag="007">ta</controlfield>
  <controlfield tag="008">210209s        xx     d | ||r |||||   ||</controlfield>
  <datafield tag="040" ind1=" " ind2=" ">
   <subfield code="a">UPVTC</subfield>
  </datafield>
  <datafield tag="041" ind1="0" ind2=" ">
   <subfield code="a">eng</subfield>
  </datafield>
  <datafield tag="100" ind1="1" ind2=" ">
   <subfield code="a">Naragdao, Mary Ann F.</subfield>
   <subfield code="e">author.</subfield>
  </datafield>
  <datafield tag="245" ind1="1" ind2="0">
   <subfield code="a">Time-related associations between local meteorological factors and dengue hemorrhagic fever hospital admissions in Iloilo, Philippines, 1990-1999</subfield>
   <subfield code="c">Mary Ann F. Naragdao, Judith R. Guernsey, and Swarna Weerasinghe.</subfield>
  </datafield>
  <datafield tag="264" ind1=" " ind2="1">
   <subfield code="a">Iloilo City</subfield>
   <subfield code="b">UP in the Visayas</subfield>
   <subfield code="c">2004.</subfield>
  </datafield>
  <datafield tag="300" ind1=" " ind2=" ">
   <subfield code="a">pp.189-208.</subfield>
  </datafield>
  <datafield tag="520" ind1=" " ind2=" ">
   <subfield code="a">&quot;This study aimed to investigate the temporal trends and patterns of Dengue Hemorrhagic Fever (DHF) disease incidence in Iloilo, 1998, and to show associations, if any, o the specified local climate parameters.  Daily cases of clinically confirmed DHF were obtained for the period 1990-1999 from the National Epidemic Sentinel Surveillance (NESS) of the Field Epidemiology Training Program of the Philippine Department of Health, Manila and the sentinel hospitals of Iloilo City. Daily climate date were obtained from local Iloilo weather station and Philippine Atmospheric, Geophysical and Astronomical Services Administration, Climatology and Agrometeorology Branch (PAGASA-CABI), Manila. Demographic data were obtained from the Iloilo Provincial Statistics Office. Sinusoidal curves fitted to the monthly standardized demographic vaviable were determined by maximum likelihood estimation using the Poisson regressions (SAS V.8.1).  Results showed a total of 4586 DHF cases with highest admission count of 2076 in 1996 and lowest of 55 in 1999. Modal age of cases increased from 4 to 10 years over the decade. Seasonal trends were highly significant while peak numbers of cases were shown twice in 1991, 1992, 1996 and 1999. Poisson regression analysis of the combined age and gender groups showed that temperature (ß=0.2873) followed by rainfall (ß=0.0321) and relative humidiyt (ß=0.0247) were all significant independent predictor of DHF incidence, with temperature being the most significant.  Climate factor I-month before admission is significantly related to incidence of DHF. Dengue programs and preventive measures should be initiated well before the rainy days particulary during aberrant climate conditions of El Niño. Disease surveillance programs of the Department of Health need coordination with the Weather monitoring station, and the Department of Environmental and Natural Resources.&quot;</subfield>
  </datafield>
  <datafield tag="650" ind1=" " ind2="0">
   <subfield code="a">Dengue</subfield>
   <subfield code="x">Disease</subfield>
   <subfield code="z">Iloilo City.</subfield>
  </datafield>
  <datafield tag="653" ind1=" " ind2=" ">
   <subfield code="a">Dengue Hemorrhagic Fever (DHF).</subfield>
  </datafield>
  <datafield tag="700" ind1="1" ind2=" ">
   <subfield code="a">Guernsey, Judith R.</subfield>
   <subfield code="e">author.</subfield>
  </datafield>
  <datafield tag="700" ind1="1" ind2=" ">
   <subfield code="a">Weerasinghe, Swarna</subfield>
   <subfield code="e">author.</subfield>
  </datafield>
  <datafield tag="773" ind1="0" ind2=" ">
   <subfield code="t">Danyag :the UPV journal of humanities and social sciences</subfield>
   <subfield code="g">9, 2 (Dec2004).</subfield>
  </datafield>
  <datafield tag="905" ind1=" " ind2=" ">
   <subfield code="a">FI</subfield>
  </datafield>
  <datafield tag="852" ind1=" " ind2=" ">
   <subfield code="a">UPTAC</subfield>
   <subfield code="b">UPTAC</subfield>
  </datafield>
  <datafield tag="942" ind1=" " ind2=" ">
   <subfield code="a">Article</subfield>
  </datafield>
 </record>
</collection>
